000 00982nam a2200277 i 4500
001 000014788
003 DO-SdBNP
005 20230802112058.0
007 ta
008 100122s2005 dr 000 0 spa d
040 _aDO-SdBNP
_bspa
_cBNPHU
_erda
082 4 _222
100 1 _aMurray, Gerald F.,
_922540
_eautor
245 1 3 _aEl colegio y la escuela :
_bantropología de la educación en la República Dominicana /
_cGerald F. Murray ; edición, Marina Ortíz.
264 _aSanto Domingo :
_bFondo para el Financiamineto de la Microempresa (FONDOMICRO),
_c2005.
300 _a398 páginas ;
_c24 cm.
336 _2rdacontent
_atexto
_btxt
337 _2rdamedia
_asin mediación
_bn
338 _2rdacarrier
_avolumen
_bnc
500 _aIncluye referencias bibliográficas y notas al pie de las páginas
504 _aBibliografía : p. 381-398
590 _aInventariado, 2022/BT
700 1 _aOrtíz, Marina,
_eeditora
_910383
910 _aBtavárez
942 _2ddc
_cLBS1
999 _c14370
_d14370